| 000 | 00935nam a2200253Ii 4500 | ||
|---|---|---|---|
| 008 | 221202s xx 000 0 und d | ||
| 100 | 1 |
_aReinds, G.J., _eauthor |
|
| 245 | 0 | _aCrop production potential of rural areas within the European Communities. 3. Soils, Climate and Administrative Regions | |
| 264 |
_bWRR _c1992 |
||
| 300 | _a1 online resource (42 pages) | ||
| 336 |
_atext _btxt _2rdacontent |
||
| 337 |
_acomputer _bc _2rdamedia |
||
| 338 |
_aonline resource _bcr _2rdacarrier |
||
| 490 |
_aWerkdocument _v67 |
||
| 520 | _aEconomics; European Union | ||
| 653 | _aCation-Exchange Capacity | ||
| 653 | _aEconomics | ||
| 653 | _aEconomie | ||
| 653 | _aEuropean Union | ||
| 653 | _aEuropese Unie | ||
| 700 | 1 | _ade Koning, G.H.J. | |
| 856 |
_uhttps://docs.google.com/spreadsheets/d/1yKIrdCPDAG_9c22mwoOIO2DOhtj65Wqa/edit?usp=sharing&ouid=106555315294820607512&rtpof=true&sd=true _yList of Curated E-Books |
||
| 942 | _cE-BOOK | ||
| 999 |
_c92645 _d92642 |
||